000 01159cam a22002531i 4500
003 SA-RiAUC
005 20250506060942.0
008 250505s1996 su g 00010 ara c
040 _aSA-RIMASH
_bara
_cSA-RiAUC
_erda
082 0 4 _a233
090 _a233
_bا م ا
100 1 _aالإمام مسلم، مسلم بن الحجاج بن مسلم،
_d204-261 هجري
_eمؤلف.
245 1 2 _aالأحاديث التي استشهد بها مسلم رحمه الله في بحث الخلاف في اشتراط العلم باللقاء /
_cجمع وتحقيق عبد الرحمن يحيى المعلمي ؛ اعتنى به محمد الموسى.
264 1 _aالرياض :
_bدار أطلس،
_c1996
300 _a38 صفحة ؛
_c22 سم
336 _aنص
_btxt
_2rdacontent
_3كتاب
337 _aبدون وسيط
_bn
_2rdamedia
338 _aمجلد
_bnc
_2rdacarrier
650 7 _aالحديث
_xرواية
_2aucsh
700 1 _aالمعلمي، عبد الرحمن بن يحيى بن علي،
_d1313-1386 هجري
_eجامع.
700 1 _aالموسى، محمد
_eمراجع.
942 _2ddc
_cBOOK
_n0
949 _aSA-JeALM
_d250505
_umohamedma123
_n1
999 _c7636
_d7636